Visualizzazione normale
Vista MARC
- De Angelis Guido
di Personal Name
Records bibliografici associati: 1
001 - CONTROL NUMBER
- control field: 6501
003 - CONTROL NUMBER IDENTIFIER
- control field: IT-RoPau
005 - DATE AND TIME OF LATEST TRANSACTION
- control field: 20131220115757.0
008 - FIXED-LENGTH DATA ELEMENTS
- fixed length control field: 131220|| aca||aabn | a|a d
040 ## - CATALOGING SOURCE
- Original cataloging agency: IT-RoPau
- Transcribing agency: IT-RoPau
100 ## - HEADING--PERSONAL NAME
- Personal name: De Angelis Guido
- Dates associated with a name: Codice autore SPICS: 10854
- Relator term: Autore
- Name of part/section of a work: Dune Buggy From the Film altrimenti ci arrabbiamo
670 ## - SOURCE DATA FOUND
- Source citation: Work cat.: (IT-RoPau)99961: AA.VV. 794, Film Themes vol. 12 (Lp Vpas 927)